000 00894nmm a2200277 a 4500
001 ocm000601621
003 TR-IsHL
005 20201028130730.0
008 131010s2000 tu tur
007 cr cn
020 _a9789755124575
035 _a601621
_b(N$T)
050 0 4 _aHD7211.93
_b.Y46 2000
090 0 4 _aHD7211.93
_b.Y46 2000
245 1 0 _aYeni sosyal güvenlik rehberi
_h[electronic resource] /
_chaz. A. Murat Demircioğlu
250 _a1. bs.
260 _aİstanbul :
_bİstanbul Ticaret Odası,
_c2000
300 _a114 p.
650 4 _aHukuk
650 4 _aLaw
650 0 _aSosyal güvenlik
_x Türkiye
650 0 _aSocial security
_x Turkey
650 7 _aPOLITICAL SCIENCE / Public Policy / Social Security
_2bisacsh
700 1 _aDemircioğlu, A. Murat
856 4 0 _uhttp://search.ebscohost.com/login.aspx?direct=true&scope=site&db=e011xww&AN=601621
999 _c4181
_d4181